Karl Marx's writings on alienation (Record no. 1229328)

MARC details
000 -LEADER
fixed length control field 00638nam a2200217Ia 4500
005 - DATE AND TIME OF LATEST TRANSACTION
control field 20241129111206.0
008 - FIXED-LENGTH DATA ELEMENTS--GENERAL INFORMATION
fixed length control field 241129s9999||||xx |||||||||||||| ||und||
020 ## - INTERNATIONAL STANDARD BOOK NUMBER
International Standard Book Number 978-3-030-60780-7
037 ## - SOURCE OF ACQUISITION
Stock number TB
040 ## - CATALOGING SOURCE
Original cataloging agency CRL
Language of cataloging eng
Transcribing agency CRL
041 ## - LANGUAGE CODE
Language code of text/sound track or separate title eng
Source of code eng
084 ## - COLON CLASSIFICATION NUMBER
Classification number X:3M24xM18 R1
Assigning agency CRL
100 ## - MAIN ENTRY--PERSONAL NAME
Personal name Musto Marcello Au.
9 (RLIN) 723588
245 #0 - TITLE STATEMENT
Title Karl Marx's writings on alienation
Statement of responsibility, etc. Musto Marcello Au.
260 ## - PUBLICATION, DISTRIBUTION, ETC.
Place of publication, distribution, etc. Toronto, Canada
Name of publisher, distributor, etc. Toronto Palgrave Macmillan
Date of publication, distribution, etc. 2021
300 ## - PHYSICAL DESCRIPTION
Extent xx,164p.
365 ## - TRADE PRICE
Price type code EURO
Price amount 74.99
650 ## - SUBJECT ADDED ENTRY--TOPICAL TERM
Topical term or geographic name entry element EconomicsMarxism
9 (RLIN) 726251
942 ## - ADDED ENTRY ELEMENTS (KOHA)
Koha item type Textbook
Classification part X:3M24xM18 R1
Holdings
Withdrawn status Lost status Damaged status Not for loan Home library Current library Date acquired Source of acquisition Cost, normal purchase price Inventory number Total Checkouts Full call number Barcode Date last seen Price effective from Koha item type
        Central Library Central Library 2024-11-29 Segment Book Distributors 74.99 67114 & 12/12/2023   X:3M24xM18 R1 CL1680128 2024-11-29 2024-11-29 Textbook
Copyright @ Delhi University Library System